Po stopách prapředků /

Korporativní autor: Místní akční skupina Dolní Morava
Další autoři: Dresler, Petr, 1978-, Místní akční skupina Živé pomezí Krumlovsko-Jevišovicko
Jazyk: Čeština
Vydáno: [Břeclav] : Pro MAS Dolní Morava a Živé pomezí Krumlovsko - Jevišovicko vydal Malovaný kraj, 2013
Témata:
Fyzický popis: 119 s. : il. (převážně barev.), mapy ; 22 x 23 cm
Knihy
Uloženo v:
LEADER 01970nam a2200505 a 4500
001 nkc20132467444
003 CZ PrNK
005 20130719081609.0
007 ta
008 130612s2013 xr ab f 000 0 cze
015 |a cnb002467444 
020 |a 978-80-904956-6-1  |q (Malovaný kraj :  |q brož.) 
035 |a (OCoLC)855465050 
040 |a BOA001  |b cze 
043 |a e-xr---  |b e-xr-mr  |2 czenas 
072 7 |a 902  |x Archeologie  |2 Konspekt  |9 8 
080 |a 902.2  |2 MRF 
080 |a 903.2  |2 MRF 
080 |a 902:904  |2 MRF 
080 |a (437.32-12)  |2 MRF 
080 |a (437.32-14)  |2 MRF 
080 |a (048.8:082)  |2 MRF 
245 0 0 |a Po stopách prapředků /  |c [autoři textů Petr Dresler ... et al.] 
260 |a [Břeclav] :  |b Pro MAS Dolní Morava a Živé pomezí Krumlovsko - Jevišovicko vydal Malovaný kraj,  |c 2013 
300 |a 119 s. :  |b il. (převážně barev.), mapy ;  |c 22 x 23 cm 
504 |a Obsahuje bibliografické odkazy 
650 0 7 |a archeologické výzkumy  |7 ph118577  |z Česko  |2 czenas 
650 0 7 |a archeologické nálezy  |7 ph137683  |z Česko  |2 czenas 
650 0 9 |a excavations (archaeology)  |z Czechia  |2 eczenas 
650 0 9 |a antiquities  |z Czechia  |2 eczenas 
655 7 |a kolektivní monografie  |7 fd501537  |2 czenas 
655 9 |a collective monographs  |2 eczenas 
651 7 |a Morava jihovýchodní (Česko)  |7 ge130071  |2 czenas 
651 7 |a Morava jihozápadní (Česko)  |7 ge130072  |2 czenas 
651 9 |a Moravia, Southeastern (Czechia)  |2 eczenas 
651 9 |a Moravia, Southwestern (Czechia)  |2 eczenas 
700 1 |a Dresler, Petr,  |d 1978-  |7 xx0109768  |4 aut 
710 2 |a Místní akční skupina Dolní Morava  |7 kn20120105003 
710 2 |a Místní akční skupina Živé pomezí Krumlovsko-Jevišovicko  |7 kn20121017005 
910 2 |a BOA001  |b 2-1307.100 
928 9 |a Malovaný kraj 
990 |a BK 
995 |a 01 
991 |b 201307  |c NOV  |e n 
996 6 |b 2610554604  |c 2-1307.100  |l MZK  |r Sklad / do 1 hodiny  |n 0  |p p.v.  |w 001341497  |u 000010  |a 1  |e BOA001  |j MZK50  |s P